Premarital counseling
| Main Authors: | , |
|---|---|
| Format: | Book |
| Published: |
Lexington, Mass. :
D. C. Heath ,
1980
|
| Subjects: |
MARC
| LEADER | 00000cam a2200000 7i4500 | ||
|---|---|---|---|
| 001 | 0000002704 | ||
| 005 | 20021118093000.0 | ||
| 008 | 021118n | ||
| 020 | |a 066902726X | ||
| 090 | 0 | 0 | |a HQ10 |b .S7 |
| 100 | 0 | |a Stahmann, Robert F. , |e author | |
| 245 | 0 | 0 | |a Premarital counseling |c Robert F. Stahmann, William J. Hiebert |
| 260 | 2 | |a Lexington, Mass. : |b D. C. Heath , |c 1980 | |
| 300 | |a 170 p. ; ; |c 23 cm. | ||
| 500 | |a Includes index | ||
| 650 | 0 | |a Marriage counseling | |
| 700 | 0 | |a Hiebert, William J. , |e author | |
| 999 | |a 1000023256 |b Book |c OPEN SHELF (30 DAYS) |e Gong Badak Campus | ||